00479 2200169 4500001002100000005001700021035002400038040001200062082001000074084002000084100001900104245008600123260003200209300003500241850001200276990002100288YOGYA00000000001689920170406150827.0 0010-081400000016617 aYOPDYOG a305.4 aDEP 305.4 Hik P aHIKMAWATI, Eny aPengaruh Program Peningkatan Peranan dan Fungsi Wanita di Bantulc/ Eny Hikmawati aYogyakartabDepSos RIc1994 avi, 65 hlm.b: ilus.c; 20 cm. aYOPDYOG aCB-D.11/1994-184